000 nam a22 7a 4500
999 _c129243
_d129243
008 190326b xxu||||| |||| 00| 0 eng d
020 _a9780335157327
050 _aRD27.7.A43 1993
100 _aAlderson, Priscilla
_945345
245 _aChildren's consent to surgery
_cPriscilla Alderson
260 _aBuckingham
_bOpen University Press
_c1993
300 _a212p. ;
_c23cm.
650 _aChildren
_xsurgery
_xMoral and ethical aspects
_945346
650 _aDecision-making in children
_945347
650 _aInformed consent (Medical law)
_928231
942 _2lcc
_cMONOGRAPH